000 00571nam a2200169 a 4500
001 000027862
005 20240307073947.0
008 100127s1993 dr r 000 0 spa d
040 _aDO-SdBNP
_bspa
_cBNPHU
082 _axxxx
_bxxxx
245 0 0 _aEstatuto orgánico UASD.
260 _aSanto Domingo :
_bUASD,
_c1993.
300 _a50 p. ;
_c23 cm.
490 1 _aPublicaciones de la Universidad Autónoma de Santo Domingo
_v385
710 1 _aUniversidad Autónoma de Santo Domingo
_972951
830 0 _aPublicaciones de la Universidad Autónoma de Santo Domingo
_n385
_954933
999 _c27354
_d27354